000 00723cam a22002414a 4500
001 14194180
005 20180221033934.0
008 051209s2006 njua b 010 0 eng
010 _a 2005046696
020 _a0202308464 (alk. paper)
040 _aDLC
_cDLC
_dDLC
041 _aeng
042 _apcc
080 _a330 JOH
082 0 0 _a330 JOH
_222
100 _a52
101 _aCAP
245 0 0 _aValue, capital and growth /
_cedited by J.N. Wolfe.
504 _aIncludes bibliographical references.
906 _a7
_bcbc
_corignew
_d1
_eocip
_f20
_gy-gencatlg
942 _2ddc
_cBK
999 _c42982
_d42982